Manzom Tareekh Zaban-e-Urdu / (Record no. 589118)

000 -LEADER
fixed length control field 00354nam a22001217a 4500
082 ## - DEWEY DECIMAL CLASSIFICATION NUMBER
Classification number 891.4391
Author Mark BOP
100 ## - MAIN ENTRY--PERSONAL NAME
Personal name Bopali, Abdul Hafeez Khan Ashki
245 ## - TITLE STATEMENT
Title Manzom Tareekh Zaban-e-Urdu /
Statement of responsibility, etc. Abdul Hafeez Khan Ashki Bopali
260 ## - PUBLICATION, DISTRIBUTION, ETC.
Place of publication, distribution, etc. Islamabad :
Name of publisher, distributor, etc. Sheryar Publications,
Date of publication, distribution, etc. 2010.
300 ## - PHYSICAL DESCRIPTION
Extent 80p. ;
Dimensions 22 cm.
563 ## - BINDING INFORMATION
Binding note HBK.
942 ## - ADDED ENTRY ELEMENTS (KOHA)
Source of classification or shelving scheme
Koha item type Book
Holdings
Withdrawn status Lost status Source of classification or shelving scheme Damaged status Not for loan Permanent Location Current Location Shelving location Date acquired Source of acquisition Total Checkouts Full call number Barcode Date last seen Price effective from Koha item type
          Central Library (CL) Central Library (CL) Urdu Literature 04/12/2022 Donation   891.4391 BOP CL-D-1608 11/08/2023 04/12/2022 Book
© 2023 Central Library, National University of Sciences and Technology. All Rights Reserved.